Statistics for Taylor Swift - betty Lyrics

Click here to take the quiz!

General Stats

  • This quiz has been taken 118 times
  • The average score is 415 of 453

Answer Stats

Answer% Correct
a
100%
be
100%
I
100%
Betty
99%
of
99%
you
99%
You
99%
Your
99%
your
99%
But
97%
but
97%
do
97%
don't
97%
If
97%
if
97%
In
97%
in
97%
it
97%
it?
97%
know
97%
me
97%
me?
97%
my
97%
on
97%
think
97%
to
97%
what
97%
when
97%
just
96%
like
96%
was
96%
Would
96%
would
96%
anything
94%
at
94%
'cause
94%
did
94%
go
94%
home
94%
it's
94%
miss
94%
party
94%
the
94%
The
94%
thing
94%
want
94%
why
94%
all
93%
can
93%
ever
93%
fuck
93%
have
93%
make
93%
myself
93%
showed
93%
that
93%
this
93%
time
93%
up
93%
won't
93%
friends?
91%
i'm
91%
I'm
91%
kiss
91%
she
91%
She
91%
summer
91%
worst
91%
17
90%
about
90%
can't
90%
get
90%
heard
90%
is
90%
only
90%
or
90%
tell
90%
times
90%
believe
88%
from
88%
garden?
88%
garden
88%
most
88%
rumors
88%
says
88%
So
88%
stupid
88%
told
88%
true
88%
word
88%
again
87%
car
87%
cardigan
87%
dream
87%
front
87%
switched
87%
will
87%
Will
87%
Yeah
87%
assumptions
85%
her
85%
homeroom
85%
Inez
85%
porch
85%
saw
85%
with
85%
him
84%
"James
84%
long
84%
love
84%
said
84%
trust
84%
breathe
82%
lead
82%
see
82%
thinking
82%
walking
82%
broken
81%
couldn't
81%
dance
81%
drive"
81%
pulled
81%
wanna
81%
where
81%
dreamed
79%
face
79%
house
79%
Kissin'
79%
let's
79%
Standing
79%
cobblestones
78%
gym
78%
last
78%
now
78%
one
78%
went
78%
wings?
78%
and
76%
hate
76%
next
76%
nights
76%
patch
76%
side
76%
Slept
76%
wrong
76%
days
75%
dreamt
75%
far
75%
playing
75%
riding
75%
song
75%
Those
75%
crowds
73%
favorite
73%
here
73%
intentions
73%
passed
73%
Plus
73%
happens
72%
skateboard
72%
into
70%
right
70%
turned
70%
doorstep
69%
for
69%
found
69%
out
69%
figment
67%
nowhere
67%
finally
66%
sinkin'
66%
planned
63%
Stopped
63%
streetlight
63%
weeks
63%

Score Distribution

Percentile by Number Answered

Percent of People with Each Score

Your Score History

You have not taken this quiz